000 00546 a2200157 4500
020 _a-
082 _aSheikh, Abdul Rasheed
090 _c7436
_d7436
100 _aSheikh, Abdul Rasheed
245 _aHaji Abdul Majeed (Marhoom)
_bYadain, Baatain, Molaqaatain
_cSheikh, Abdul Rasheed
260 _aGujrat (Pakistan)
_bUniversity of Gujrat Press
_c2011
300 _a153 p. ;
_bill. ;
_c18 cm.
500 _aIncludes index
650 _a1. Haji Abdul Majeed--Criticism and interpretation. 2. Criticism and interpretation.
942 _cBK
_k891.4391 SHE
999 _c11239
_d11239